Inside Bluetooth Low Energy /
Introducción a la tecnología inalámbrica que permite la comunicación entre pequeños dispositivos móviles o computadoras, con baja energía. Inicia con una historia de esta tecnología y describe sus principales conceptos, para explicar después su arquitectura y detallar cómo funciona.
Salvato in:
| Autore principale: | |
|---|---|
| Natura: | Libro |
| Lingua: | inglese |
| Pubblicazione: |
Boston, EUA :
Artech House,
2013, c2013
|
| Serie: | (Artech House Mobile Communications Series)
|
| Soggetti: | |
| Tags: |
Nessun Tag, puoi essere il primo ad aggiungerne!!
|
MARC
| LEADER | 00000nam^a2200000^a^4500 | ||
|---|---|---|---|
| 001 | 000340058 | ||
| 005 | 20250521000000.0 | ||
| 009 | 20260310114444.708 | ||
| 020 | |a 978-1-60807-579-9 | ||
| 037 | |a Acervo ITESO - Biblioteca | ||
| 041 | |a ING | ||
| 082 | |a 621. 38212 |b GUP | ||
| 100 | |a Gupta, Naresh |e (autor) | ||
| 245 | 1 | 0 | |a Inside Bluetooth Low Energy / |c N. Gupta ; pról. de Alokhath De. |
| 264 | 4 | |a Boston, EUA : |b Artech House, |c 2013, c2013 | |
| 300 | |a XXVI, 395 p. | ||
| 336 | |a texto |b txt |2 rdacontenido | ||
| 337 | |a sin mediación |b n |2 rdamedio | ||
| 338 | |a volumen |b nc |2 rdasoporte | ||
| 440 | 1 | |a (Artech House Mobile Communications Series) | |
| 520 | |a Introducción a la tecnología inalámbrica que permite la comunicación entre pequeños dispositivos móviles o computadoras, con baja energía. Inicia con una historia de esta tecnología y describe sus principales conceptos, para explicar después su arquitectura y detallar cómo funciona. | ||
| 649 | |a XX | ||
| 650 | |a Teléfono Inteligente | ||
| 650 | |a Reproductores Digitales Multimedia | ||
| 650 | |a Laptops | ||
| 650 | |a Bluetooth (Tecnología) - |x Tema Principal | ||
| 650 | |a Wi-Fi (Comunicación Inalámbrica) | ||
| 650 | |a Computación Móvil - |x Tema Principal | ||
| 650 | |a Comunicación Inalámbrica | ||
| 650 | |a Sistemas de Telecomunicación | ||
| 650 | |a Comunicación en Red | ||
| 650 | |a Redes de Comunicación - |x Tema Principal | ||
| 650 | |a Ingeniería Computacional | ||
| 650 | |a Ingeniería Electrónica | ||
| 910 | |a Fondo General | ||
| 920 | |a Impresos - Libros | ||
| 930 | |a Colección General | ||
| 905 | |a 101 | ||
| 901 | |a 0500229990 |b IT1 |c ACC |i C140158 |u 20250521 | ||
| 902 | |a https://opac.biblio.iteso.mx/vufind/Record/000340058 | ||